La historia de la salvación en la Carta a los romanos /

Estudio que analiza el tema de la salvación del que escribe el apóstol Pablo en su carta que dirige a los romanos, la cual ha influido no sólo en la doctrina de la Iglesia católica, sino en la gestación de la teología de Lutero, Calvino y Melanchton. Las cuestiones que aborda el autor tratan sobre e...

Popoln opis

Shranjeno v:
Bibliografske podrobnosti
Glavni avtor: Lyonnet, Stanislas (autor)
Format: Knjiga
Jezik:španščina
Izdano: Salamanca, España : Sígueme, 1967, c1967
Serija:(Nueva Alianza ; 10)
Teme:
Oznake: Označite
Brez oznak, prvi označite!

MARC

LEADER 00000nam^a2200000^a^4500
001 000261080
005 20250521000000.0
009 20260310110458.675
037 |a Acervo Xavier Clavigero 
041 |a ESP 
082 |a 227. 106  |b LYO 
100 |a Lyonnet, Stanislas  |e (autor) 
245 1 3 |a La historia de la salvación en la Carta a los romanos /  |c S. Lyonnet ; tr. por Luis Bittini. 
264 4 |a Salamanca, España :  |b Sígueme,  |c 1967, c1967 
300 |a 232 p. 
336 |a texto  |b txt  |2 rdacontenido 
337 |a sin mediación  |b n  |2 rdamedio 
338 |a volumen  |b nc  |2 rdasoporte 
440 |a (Nueva Alianza ;  |v 10) 
500 |a Traducción de: La storia della salvezza nella lettera ai romani 
520 |a Estudio que analiza el tema de la salvación del que escribe el apóstol Pablo en su carta que dirige a los romanos, la cual ha influido no sólo en la doctrina de la Iglesia católica, sino en la gestación de la teología de Lutero, Calvino y Melanchton. Las cuestiones que aborda el autor tratan sobre el pecado del hombre y el pecado original, la ley del espíritu y la redención, la justicia divina y la salvación, el misterio de la Iglesia y el valor de la resurrección de Cristo. 
649 |a XX 
650 |a Iglesia Católica 
650 |a Jesucristo -  |x Resurrección 
650 |a Pecado Original 
650 |a Redención 
650 |a Salvación 
650 |a Biblia -  |x Nuevo Testamento -  |x Epístolas de Pablo -  |x Romanos -  |x Historia y Crítica -  |x Tema Principal 
650 |a Libros Sagrados -  |x Historia y Crítica 
650 |a Teología Doctrinal 
650 |a Catolicismo 
650 |a Cristianismo 
650 |a Religión 
910 |a Fondo General 
920 |a Impresos - Libros 
930 |a Colección General 
905 |a 101 
901 |a 002853  |b IT1  |c ACC  |i D  |u 20250521 
901 |a 002855  |b IT1  |c ACC  |i D  |u 20250521 
901 |a 003100  |b IT1  |c ACC  |i D  |u 20250521 
901 |a 003105  |b IT1  |c ACC  |i D  |u 20250521 
901 |a 002851  |b IT1  |c ACC  |i D  |u 20250521 
901 |a 002852  |b IT1  |c ACC  |i D  |u 20250521 
901 |a 002854  |b IT1  |c ACC  |i D  |u 20250521 
902 |a https://opac.biblio.iteso.mx/vufind/Record/000261080